| 000 | 00566nam a2200181Ia 4500 | ||
|---|---|---|---|
| 005 | 20250923145924.0 | ||
| 008 | 008 250917s9999 xx 000 0 eng d | ||
| 037 | _aTextual | ||
| 040 |
_aDSWL _beng _cDSWL |
||
| 041 |
_aeng _2eng |
||
| 084 |
_aY44.212'N94t4, N94 _qDSWL |
||
| 100 |
_aJoseph, Sherry _9840328 |
||
| 245 | 2 |
_aA study of a Fisherman community in Kerala: life and coping stratesian _c by Sherry Joseph |
|
| 260 |
_aDelhi _bD.S.S.W. _c1994 |
||
| 300 | _a1057p. | ||
| 942 |
_cTEXL _hY44.212'N94t4, N94 |
||
| 999 |
_c1457386 _d1457386 |
||